Introduction to artificial intelligence and expert systems (Record no. 188333)
[ view plain ]
| 000 -LEADER | |
|---|---|
| fixed length control field | 00430nam a2200157Ia 4500 |
| 005 - DATE AND TIME OF LATEST TRANSACTION | |
| control field | 20241223151337.0 |
| 008 - FIXED-LENGTH DATA ELEMENTS--GENERAL INFORMATION | |
| fixed length control field | 231217s9999 xx 000 0 und d |
| 020 ## - INTERNATIONAL STANDARD BOOK NUMBER | |
| International Standard Book Number | 9788120307773 |
| 082 ## - DEWEY DECIMAL CLASSIFICATION NUMBER | |
| Classification number | 001.535 PAT;25 |
| 100 ## - MAIN ENTRY--PERSONAL NAME | |
| Personal name | Patterson, Dan W. |
| 245 #0 - TITLE STATEMENT | |
| Title | Introduction to artificial intelligence and expert systems |
| 260 ## - PUBLICATION, DISTRIBUTION, ETC. (IMPRINT) | |
| Date of publication, distribution, etc. | 1990 |
| Name of publisher, distributor, etc. | PHI |
| Place of publication, distribution, etc. | New Delhi |
| 300 ## - PHYSICAL DESCRIPTION | |
| Extent | xv, 448 |
| 650 ## - SUBJECT ADDED ENTRY--TOPICAL TERM | |
| Topical term or geographic name as entry element | artificial,intelligence |
| 942 ## - ADDED ENTRY ELEMENTS (KOHA) | |
| Koha item type | Books |
| Date last seen | Total Checkouts | Full call number | Accession number | Old discount | Cost, replacement price | Price effective from | Category | Lost status | Damaged status | Department | Withdrawn status | bill no. | bill date | Permanent Location | Current Location | Shelving location | Entry date | Vendor | Cost, normal purchase price | Grants | Currency symbol | Conversion rate | Discount | Discount type | Date checked out |
|---|---|---|---|---|---|---|---|---|---|---|---|---|---|---|---|---|---|---|---|---|---|---|---|---|---|
| 26/01/2024 | 001.535 PAT;25 | 70341 | 28 | 180.00 | 26/01/2024 | Books | Central Library | 59984 | 25/02/2014 | Central Library | Central Library | Central Library | 30/08/2010 | Book Paradise | 250.00 | MCA | RS | 1 | 70 | Rupees | |||||
| 26/01/2024 | 001.535 PAT;27 | 70343 | 28 | 180.00 | 26/01/2024 | Books | Central Library | 59984 | 25/02/2014 | Central Library | Central Library | Central Library | 30/08/2010 | Book Paradise | 250.00 | MCA | RS | 1 | 70 | Rupees | |||||
| 26/01/2024 | 001.535 PAT;28 | 70344 | 28 | 180.00 | 26/01/2024 | Books | Central Library | 59984 | 25/02/2014 | Central Library | Central Library | Central Library | 30/08/2010 | Book Paradise | 250.00 | MCA | RS | 1 | 70 | Rupees | |||||
| 26/01/2024 | 001.535 PAT;29 | 70345 | 28 | 180.00 | 26/01/2024 | Books | Central Library | 59984 | 25/02/2014 | Central Library | Central Library | Central Library | 30/08/2010 | Book Paradise | 250.00 | MCA | RS | 1 | 70 | Rupees | |||||
| 20/02/2026 | 1 | 001.535 PAT;26 | 70342 | 28 | 180.00 | 26/01/2024 | Books | Central Library | 59984 | 25/02/2014 | Central Library | Lending Library | Central Library | 30/08/2010 | Book Paradise | 250.00 | MCA | RS | 1 | 70 | Rupees | 06/02/2026 |
